00610nam a2200193Ia 450000500170000000800410001702000150005805000270007310000330010024500580013326000300019130000210022144000130024252100070025552600080026294200120027099900170028295201170029920140403090254.0140130s9999 xx 000 0 und d a0439065089 aPZ 7 b.V2857Saqm 1999 aDraanen, Wendelin Van931285 cWendelin Van Draanen.aSammy Reyes and the skeleton / bScholastic,c1999.aUSA : a172 p. :c24 cm. v1931174 aG7 c890 cBK2lcc c41265d41265 00102lcc40aMUbMUcSCHOd2014-01-30l0oPZ 7 .V2857Saqm 1999pMS0425r2014-01-30 00:00:00t1w2014-03-11yBK